Φιλόσοφοι του ΙΘ' αιώνος : από χριστιανικήν σκοπιάν κρινόμενοι : (Σοπεγχάουερ - Νίτσε - Τολστόη)
Αποθηκεύτηκε σε:
| Κύριος συγγραφέας: | |
|---|---|
| Μορφή: | Βιβλίο |
| Γλώσσα: | Greek |
| Δημοσίευση: |
Αθήναι :
[χ.ό.],
1950.
|
| Σειρά: | Βιβλιοθήκη Αποστολικής Διακονίας
v. 25. |
| Θέματα: | |
| Διαθέσιμο Online: | http://hdl.handle.net/11610/16768 |
| Ετικέτες: |
Προσθήκη ετικέτας
Δεν υπάρχουν, Καταχωρήστε ετικέτα πρώτοι!
|
MARC
| LEADER | 00000cam a2200000 i 4500 | ||
|---|---|---|---|
| 001 | 1/93665 | ||
| 008 | 080911s1950 gr || ||| ||gre|| | ||
| 035 | |l 10100070 | ||
| 040 | |a GR-MY-UA |b gre |e aacr | ||
| 041 | 0 | |a gre | |
| 082 | 7 | |a 109.2 |2 (22) | |
| 100 | 1 | |a Παναγιωτίδης, Ιωάννης. | |
| 245 | 1 | 0 | |a Φιλόσοφοι του ΙΘ' αιώνος : |b από χριστιανικήν σκοπιάν κρινόμενοι : (Σοπεγχάουερ - Νίτσε - Τολστόη) / |c Ιωάννου Παναγιωτίδου. |
| 260 | |a Αθήναι : |b [χ.ό.], |c 1950. | ||
| 300 | |a 81 σ. ; |c 22 εκ. | ||
| 490 | 1 | |a (Βιβλιοθήκη Αποστολικής Διακονίας) ; |v v. 25. | |
| 500 | |a Υπάρχει ψηφιακό αντίγραφο. | ||
| 600 | 1 | 0 | |a Tolstoy, Leo, |c graf, |d 1828-1910. |
| 600 | 1 | 0 | |a Nietzsche, Friedrich Wilhelm, |d 1844-1900. |
| 600 | 1 | 0 | |a Schopenhauer, Arthur, |d 1788-1860. |
| 650 | 0 | 0 | |a Philosophers. |
| 650 | 0 | 0 | |a Philosophy and religion. |
| 830 | 0 | |a Βιβλιοθήκη Αποστολικής Διακονίας |v v. 25. | |
| 852 | |a INST |b RHODES |c AKA |e 20080911 |h 109.2 ΠΑΝ |p 005400028455 |q 005400028455 |t BK |y 23 | ||
| 856 | |u http://hdl.handle.net/11610/16768 | ||
| 901 | |a BIBL4-2008-3 | ||
| 909 | |a Ρ |b 152963 | ||
| 970 | |a ΚΟΖΑ |b ΜΑΡΙΑ |z 2008-09-11 | ||